Southville International School and Colleges
Your cart is empty.
  • Cart
  • Lists
    Public lists Eva Luna New books Lux_list list_1
    Your lists Log in to create your own lists
  • Log in to your account
  • Your cookies
  • Search history
Southville International School and Colleges
  • Advanced search
  • Recent comments
  • Most popular
  • Libraries

Log in to your account

Log in with GOOGLE


If you do not have an external account, but do have a local account, you can still log in:

  1. Home
  2. MARC view: A taxpayer survey of the Grace Commission report /
Normal view MARC view ISBD view

A taxpayer survey of the Grace Commission report / (Record no. 288431)

[ view plain ]
MARC details
000 -LEADER
fixed length control field 00853nam a2200265 a 4500
001 - CONTROL NUMBER
control field 4272640
003 - CONTROL NUMBER IDENTIFIER
control field PILC
005 - DATE AND TIME OF LATEST TRANSACTION
control field 20150824075337.0
008 - FIXED-LENGTH DATA ELEMENTS--GENERAL INFORMATION
fixed length control field 841025s1984 ilu 000 0 eng
010 ## - LIBRARY OF CONGRESS CONTROL NUMBER
LC control number 84231393
020 ## - INTERNATIONAL STANDARD BOOK NUMBER
Terms of availability $1.95 (pbk.)
040 ## - CATALOGING SOURCE
Original cataloging agency DLC
Transcribing agency DLC
Modifying agency DLC
043 ## - GEOGRAPHIC AREA CODE
Geographic area code n-us---
050 00 - LIBRARY OF CONGRESS CALL NUMBER
Classification number JK 421
Item number .K46 1984
082 00 - DEWEY DECIMAL CLASSIFICATION NUMBER
Classification number 353/.075
100 1# - MAIN ENTRY--PERSONAL NAME
Personal name Kennedy, William R.
245 12 - TITLE STATEMENT
Title A taxpayer survey of the Grace Commission report /
Statement of responsibility, etc William R. Kennedy, Jr., Robert W. Lee.
260 ## - PUBLICATION, DISTRIBUTION, ETC. (IMPRINT)
Place of publication, distribution, etc Ottawa, Ill. (722 Columbus St., Ottawa 61350) :
Name of publisher, distributor, etc Green Hill Publishers,
Date of publication, distribution, etc 1984.
300 ## - PHYSICAL DESCRIPTION
Extent 149 pages ;
Dimensions 18 cm.
610 20 - SUBJECT ADDED ENTRY--CORPORATE NAME
Corporate name or jurisdiction name as entry element President's Private Sector Survey on Cost Control (U.S.)
700 1# - ADDED ENTRY--PERSONAL NAME
Personal name Lee, Robert W.
740 0# - ADDED ENTRY--UNCONTROLLED RELATED/ANALYTICAL TITLE
Uncontrolled related/analytical title Grace Commission report.
906 ## - LOCAL DATA ELEMENT F, LDF (RLIN)
a 7
b cbc
c orignew
d 2
e ncip
f 19
g y-gencatlg
942 ## - ADDED ENTRY ELEMENTS (KOHA)
Source of classification or shelving scheme Library of Congress Classification
Koha item type Books
Call number prefix Foreign
Holdings
Withdrawn status Lost status Source of classification or shelving scheme Damaged status Home library Current library Shelving location Date acquired Source of acquisition Total Checkouts Full call number Barcode Date last seen Price effective from Koha item type
    Library of Congress Classification   Archives Archives   08/24/2015 Donation   JK 421 .K46 1984 C19724 05/15/2018 08/24/2015 Books

A taxpayer survey of the Grace Commission report /

APA

Kennedy W. R., Lee R. W., . (1984). A taxpayer survey of the Grace Commission report. Ottawa, Ill. (722 Columbus St., Ottawa 61350): Green Hill Publishers.

Chicago

Kennedy William R, Lee Robert W, . 1984. A taxpayer survey of the Grace Commission report. Ottawa, Ill. (722 Columbus St., Ottawa 61350): Green Hill Publishers.

Harvard

Kennedy W. R., Lee R. W., . (1984). A taxpayer survey of the Grace Commission report. Ottawa, Ill. (722 Columbus St., Ottawa 61350): Green Hill Publishers.

MLA

Kennedy William R, Lee Robert W, . A taxpayer survey of the Grace Commission report. Ottawa, Ill. (722 Columbus St., Ottawa 61350): Green Hill Publishers. 1984.

  • Place hold
  • Print
  • Cite
  • Add to your cart (remove)
  • Save record
    BIBTEX Dublin Core MARCXML MARC (non-Unicode/MARC-8) MARC (Unicode/UTF-8) MARC (Unicode/UTF-8, Standard) MODS (XML) RIS
  • More searches
    Search for this title in:
    Other Libraries (WorldCat) Other Databases (Google Scholar) Online Stores (Bookfinder.com) Open Library (openlibrary.org)

Exporting to Dublin Core...

SOUTHVILLE LIBRARY

Southville International School and Colleges Library

1281 Tropical Ave. Cor. Luxembourg St., BF Homes International, Las Pinas City

Tel. No. 8256374 / 252358 Loc. 117/146

Powered by Koha